The noble scholar, jurist, historian


 His Excellency Dr. Abdul Wahhab bin Ibrahim Abu Sulaiman, may Allah have mercy on him.


 He was born in Umm Al-Qura in the year 1356 AH.

جمهرة أشعار العرب في الجاهلية والإسلام / (Record no. 8821)

MARC details
000 -LEADER
fixed length control field 01207cam a22002651i 4500
003 - CONTROL NUMBER IDENTIFIER
control field SA-RiAUC
005 - DATE AND TIME OF LATEST TRANSACTION
control field 20250611090711.0
008 - FIXED-LENGTH DATA ELEMENTS--GENERAL INFORMATION
fixed length control field 250605s1981 su g 000 p ara c
040 ## - CATALOGING SOURCE
Original cataloging agency EG-CaDAJ
Language of cataloging ara
Transcribing agency SA-RiAUC
Description conventions rda
082 04 - DEWEY DECIMAL CLASSIFICATION NUMBER
Classification number 811.1
Assigning agency SA-RiAUC
090 ## - LOCALLY ASSIGNED LC-TYPE CALL NUMBER (OCLC); LOCAL CALL NUMBER (RLIN)
Classification number (OCLC) (R) ; Classification number, CALL (RLIN) (NR) 811.1
Local cutter number (OCLC) ; Book number/undivided call number, CALL (RLIN) ا ب ن ا
100 1# - MAIN ENTRY--PERSONAL NAME
Personal name ابن أبي الخطاب، محمد بن أبي الخطاب القرشي،
Dates associated with a name توفي 170 هجري
Relator term مؤلف.
245 10 - TITLE STATEMENT
Title جمهرة أشعار العرب في الجاهلية والإسلام /
Statement of responsibility, etc. محمد بن أبي الخطاب القرشي بن أبي الخطاب ؛ تحقيق محمد علي الهاشمي.
264 #1 - PRODUCTION, PUBLICATION, DISTRIBUTION, MANUFACTURE, AND COPYRIGHT NOTICE
Place of production, publication, distribution, manufacture [الرياض] :
Name of producer, publisher, distributor, manufacturer لجنة البحوث للتأليف،
Date of production, publication, distribution, manufacture, or copyright notice 1981
300 ## - PHYSICAL DESCRIPTION
Extent 3 مجلد ؛
Dimensions 24 سم
336 ## - CONTENT TYPE
Content type term نص
Content type code txt
Source rdacontent
Materials specified كتاب
337 ## - MEDIA TYPE
Media type term بدون وسيط
Media type code n
Source rdamedia
338 ## - CARRIER TYPE
Carrier type term مجلد
Carrier type code nc
Source rdacarrier
650 #7 - SUBJECT ADDED ENTRY--TOPICAL TERM
Topical term or geographic name entry element الشعر العربي
Chronological subdivision العصر الجاهلي
Source of heading or term aucsh
650 #7 - SUBJECT ADDED ENTRY--TOPICAL TERM
Topical term or geographic name entry element الشعر العربي
Chronological subdivision عصر صدر الإسلام
Source of heading or term aucsh
700 1# - ADDED ENTRY--PERSONAL NAME
Personal name الهاشمي، محمد علي الحسني،
Dates associated with a name 1925-
Relator term محقق.
942 ## - ADDED ENTRY ELEMENTS (KOHA)
Source of classification or shelving scheme Dewey Decimal Classification
Koha item type Books
Suppress in OPAC No
949 ## - LOCAL PROCESSING INFORMATION (OCLC)
a SA-JeALM
d 250605
u mohamedma123
n 1
Holdings
Withdrawn status Lost status Source of classification or shelving scheme Materials specified (bound volume or other part) Damaged status Not for loan Home library Current library Date acquired Total checkouts Full call number Barcode Date last seen Price effective from Koha item type
    Dewey Decimal Classification الجزء الثالث     DR AbdElwahab Library DR AbdElwahab Library 06/11/2025   811.1 ا ب ن ا 000014506 06/11/2025 06/11/2025 Books
    Dewey Decimal Classification الجزء الثاني     DR AbdElwahab Library DR AbdElwahab Library 06/11/2025   811.1 ا ب ن ا 000014537 06/11/2025 06/11/2025 Books